Cuantificación de las distorsiones de precios en la economía costarricense /

La presencia de distorsiones en los mercados de bienes y servicios, conducentes a una asignación de recursos distinta a la que señala su verdadero costo de oportunidad, puede ser provocadas por ineficiencias en el desempeño de los mercados o por la intervención del estado. Para desentrañar esta cues...

Mô tả đầy đủ

Đã lưu trong:
Chi tiết về thư mục
Tác giả chính: Briceño G, Edgar
Tác giả khác: Wong Z, Carlos
Định dạng: Texto
Những chủ đề:
Các nhãn: Thêm thẻ
Không có thẻ, Là người đầu tiên thẻ bản ghi này!

MARC

LEADER 00000 a a2200000 04500
001 3098
003
040
100 |a Briceño G, Edgar  
245 |a Cuantificación de las distorsiones de precios en la economía costarricense /  |c Edgar Briceño G ; Carlos Wong Z 
520 |a La presencia de distorsiones en los mercados de bienes y servicios, conducentes a una asignación de recursos distinta a la que señala su verdadero costo de oportunidad, puede ser provocadas por ineficiencias en el desempeño de los mercados o por la intervención del estado. Para desentrañar esta cuestión, los autores realizan, como primer intento, una cuantificación de las distorsiones imputables a la intervención estatal a través de su política fiscal y de precios para los cuarenyta y un sectores de insumo-producto, en base 1980. Para tal fin, emplean una derivación de la metodología de cálculo de precios de eficiencia, según el enfoque Little-Mirles y Squire Vender Tak. del estudio se desprende que los sectores de exportación tradicionales y los de bebidas y refinamiento de petróleoson los de mayor impacto en la distorsión estatal, aunque la misma es amplia entre los diferentes sectores de la matriz. HBQ/mb  
650 |a INTERVENCION DEL ESTADO  
650 |a PAISES EN DESARROLLO  
650 |a MERCADO  
650 |a PRECIOS  
650 |a COMERCIO  
650 |a METODOLOGIA  
650 |a EXPORTACIONES  
650 |a ORGANIZACIONES INTERNACIONALES  
650 |a INTERVENCION DEL ESTADO  
650 |a COMERCIO  
700 |a Wong Z, Carlos  
773 |g volumen 7, número 1; páginas 63-82  
999 |c 27449  |d 27449